书目信息 |
| 题名: |
中外数学家传略
|
|
| 作者: | 杨克仁 编 ;宁德师专学报编辑部 | |
| 分册: | ||
| 出版信息: | 宁德 不详 1982 |
|
| 页数: | 184页 | |
| 开本: | 20cm | |
| 丛书名: | ||
| 单 册: | ||
| 中图分类: | K816.1 | |
| 科图分类: | ||
| 主题词: | 传记 | |
| 电子资源: | ||
| ISBN: | ||
| 000 | 00620nam0 2200193 450 | |
| 001 | 0757761393 | |
| 005 | 20070804164623.09 | |
| 010 | @d不详 | |
| 100 | @a20070803d1982 km y0chiy0120 ea | |
| 101 | 0 | @achi |
| 200 | 1 | @a中外数学家传略@Azhong wai shu xue jia chuan lue@f杨克仁等编@Fyang ke ren deng bian@g宁德师专学报编辑部@Gning de shi zhuan xue bao bian ji bu |
| 210 | @a宁德@c不详@d1982 | |
| 215 | @a184页@d20cm | |
| 606 | 0 | @a传记 |
| 690 | @aK816.1@v3 | |
| 701 | 0 | @a杨克仁@Ayang ke ren@4编 |
| 712 | 02 | @a宁德师专学报编辑部@Aning de shi zhuan xue bao bian ji bu |
| 801 | 0 | @aCN@bPFT@c20070804 |
| 905 | @a10447@dK816.1@e114 | |
| 中外数学家传略/杨克仁等编/宁德师专学报编辑部.-宁德:不详,1982 |
| 184页;20cm |
| ISBN :不详 |
| ● |
| 相关链接 |
|
|
|
|
正题名:中外数学家传略
索取号:K816.1/114
 
预约/预借
| 序号 | 登录号 | 条形码 | 馆藏地/架位号 | 状态 | 备注 |
| 1 | 0791697 | 207916978 | 第二样本阅览室/ [索取号:K816.1/114] | 在馆 |